Islands Below Sea Level - Statistics

General Stats
  • This quiz has been taken 8 times
    7 since last reset
  • The average score is 5 of 8
Answer Stats
Lowest
elev. (ft)
Answer Lowest
elev. (m)
% Correct
-10 Great Britain -3
83%
-7 South Island -2
83%
-148 Hispaniola -45
67%
-13 Honshu -4
67%
-10 Ireland -3
67%
-23 Zealand -7
67%
-0.7 Lagos Island -0.2
50%
-13 Flevopolder -4
33%
No matching quizzes found
Score Distribution
Percent of People with Each Score
Percentile by Number Answered
Your Score History
You have not taken this quiz since the last reset